World Cities with the most Sikhs on the Map - Statistics

General Stats
  • This quiz has been taken 481 times
  • The average score is 13 of 17
Answers on the Map
Answers color-coded by a green-red scale on the quiz's map according to % correct below.
 
Answer Stats
Pop % Cities % Correct
CA 244 k 4.0 Toronto
99%
CA 222 k 8.5 Vancouver
99%
UK 144 k 1.6 London
96%
AU 39 k 0.7 Sydney
96%
AU 85 k 1.7 Melbourne
95%
CA 44 k 3.2 Edmonton
89%
CA 56 k 3.8 Calgary
88%
UK 121 k 4.5 Birmingham
87%
AU 25 k 0.9 Brisbane
83%
AE >20 k 0.6 Dubai
81%
NZ 28 k 1.7 Auckland
80%
CA 22 k 0.5 Montreal
80%
OM 33 k 1.9 Muscat
76%
CA 33 k 4.1 Winnipeg
74%
US ~26 k 0.2 New York City
72%
US 21 k 2.1 Fresno
22%
CA 41 k 22 Abbotsford
10%
No matching quizzes found
Score Distribution
Percent of People with Each Score
Percentile by Number Answered
Your Score History
You have not taken this quiz